Audible Logos Quiz Stats

 Plays Quiz Updated Nov 19, 2018

Also try: Logo Apocalypse!
Challenge
Share
Tweet
Score 0/22 Timer 05:00
1 Play Today
# Answer % Correct
1Yahoo!
88.1%
15Looney Tunes
83.6%
220th Century Fox
77.1%
10AOL (America Online)
75.3%
19The Simpsons (Fox Television)
74.2%
6Metro-Goldwyn-Mayer (MGM)
71.6%
1260 Minutes (CBS)
68%
11Tarzan (Edgar Rice Burroughs Inc.)
60.1%
13Microsoft
58.2%
5Intel Corporation
55%
3National Broadcasting Company (NBC)
53.3%
# Answer % Correct
7The Lone Ranger
52%
4General Mills (Green Giant)
50.4%
9Pillsbury
49.8%
22Sportscenter (ESPN)
46.3%
21Southwest Airlines
44.6%
18Harlem Globetrotters
44%
20Nationwide Mutual Insurance Company
37.5%
17THX Ltd.
37.3%
16New York Stock Exchange
18.1%
8TiVo
11.2%
14Leap Frog
2.9%

You're not logged in!

Compare scores with friends on all Sporcle quizzes.
OR
Log In

You Might Also Like...

Show Comments

Extras

Top Quizzes Today


Score Distribution

Your Account Isn't Verified!

In order to create a playlist on Sporcle, you need to verify the email address you used during registration. Go to your Sporcle Settings to finish the process.

Report this User

Report this user for behavior that violates our Community Guidelines.

Details: